[Event "4NCL Division 1a"]
[Site "Telford, ENG"]
[Date "2017.03.04"]
[Round "7.43"]
[White "Gordon, Stephen J"]
[Black "Bates, Richard A"]
[Result "1/2-1/2"]
[WhiteElo "2506"]
[BlackElo "2370"]
[PlyCount "91"]
[EventDate "2017.03.04"]
[WhiteTeam "3Cs 1"]
[BlackTeam "Blackthorne Russia"]

1. Nf3 Nf6 2. c4 e6 3. Nc3 Bb4 4. Qc2 O-O 5. a3 Bxc3 6. Qxc3 d5 7. e3 b6 8. b4
c5 9. bxc5 bxc5 10. Bb2 Nbd7 11. cxd5 exd5 12. Be2 Qb6 13. O-O Rb8 14. Rfb1 Ba6
15. d3 Rfe8 16. Bd1 Qb5 17. Bc2 Qc6 18. a4 Rb4 19. d4 Rc4 20. Qd2 Ne4 21. Qd1
Qe6 22. Ra3 Ndf6 23. h3 Rc8 24. a5 h6 25. dxc5 R4xc5 26. Bd3 Bxd3 27. Qxd3 Qf5
28. Rf1 Qh5 29. Raa1 Rc2 30. Bxf6 Nxf6 31. Nd4 R2c4 32. Qf5 Qxf5 33. Nxf5 R8c7
34. Rfb1 g6 35. Nd6 R4c5 36. a6 Ne4 37. Rb8+ Kh7 38. Nxe4 dxe4 39. Ra4 Rc1+ 40.
Kh2 R7c2 41. Rxe4 Rxf2 42. Rb7 Rcc2 43. Rg4 h5 44. Rg3 Ra2 45. Rxa7 Rf6 46. Ra8
1/2-1/2

[Event "4NCL Division 1a"]
[Site "Telford, ENG"]
[Date "2017.03.04"]
[Round "7.45"]
[White "Guichard, Pauline"]
[Black "Webb, Laurence E"]
[Result "0-1"]
[WhiteElo "2311"]
[BlackElo "2290"]
[PlyCount "72"]
[EventDate "2017.03.04"]
[WhiteTeam "3Cs 1"]
[BlackTeam "Blackthorne Russia"]

1. c4 e5 2. g3 Nc6 3. Nc3 f5 4. Nf3 Nf6 5. d4 e4 6. Nh4 g6 7. Bg5 Bg7 8. Bg2
O-O 9. O-O Ne7 10. f3 exf3 11. Nxf3 h6 12. Bc1 d5 13. cxd5 Nexd5 14. Ne5 Kh7
15. Nxd5 Nxd5 16. e4 Ne7 17. Be3 c6 18. Qb3 Qd6 19. Nc4 Qd8 20. d5 fxe4 21.
Rxf8 Qxf8 22. Rf1 Qg8 23. dxc6 bxc6 24. Qc2 Ba6 25. b3 Nf5 26. Bc1 Nd4 27. Qxe4
Bxc4 28. bxc4 Qxc4 29. Kh1 Qxa2 30. Bxh6 Qe6 31. Qxe6 Nxe6 32. Bxg7 Nxg7 33.
Bxc6 Rc8 34. Be4 Rc4 35. Rf4 Nf5 36. Rg4 Rc1+ 0-1

[Event "4NCL Division 1a"]
[Site "Telford, ENG"]
[Date "2017.03.04"]
[Round "7.46"]
[White "Eames, Robert S"]
[Black "Abbas, Daniel"]
[Result "1/2-1/2"]
[WhiteElo "2171"]
[BlackElo "2288"]
[PlyCount "109"]
[EventDate "2017.03.04"]
[WhiteTeam "Blackthorne Russia"]
[BlackTeam "3Cs 1"]

1. e4 c5 2. Nf3 e6 3. d4 cxd4 4. Nxd4 a6 5. Nc3 Qc7 6. g3 Bb4 7. Bd2 Nf6 8. Bg2
Nc6 9. Nxc6 dxc6 10. O-O Be7 11. f4 e5 12. f5 b5 13. Be3 Bb7 14. Nb1 c5 15. Nd2
c4 16. Qe2 Rd8 17. a4 O-O 18. axb5 axb5 19. Kh1 Ra8 20. g4 h6 21. g5 hxg5 22.
Bxg5 Rxa1 23. Rxa1 c3 24. bxc3 Qxc3 25. Ra7 Rb8 26. Nb3 Bc5 27. Nxc5 Qxc5 28.
Ra1 Qc4 29. Qxc4 bxc4 30. Bxf6 gxf6 31. Rb1 Rd8 32. Bf3 Ba8 33. Rb4 Rc8 34. Kg2
Kg7 35. h4 c3 36. Kf2 Rd8 37. Ke3 Rd2 38. Rb8 Bc6 39. Rc8 Ba4 40. Rxc3 Rxc2 41.
Rxc2 Bxc2 42. Kd2 Bb1 43. Kc3 Ba2 44. Kb4 Bb1 45. Kc5 Ba2 46. Kd6 Bb3 47. Ke7
Ba2 48. h5 Bb3 49. h6+ Kxh6 50. Kxf6 Ba2 51. Kxe5 Kg5 52. Kd6 Kf4 53. Bg2 f6
54. Ke7 Ke5 55. Bf3 1/2-1/2

[Event "4NCL Division 1a"]
[Site "Telford, ENG"]
[Date "2017.03.04"]
[Round "7.47"]
[White "Walton, Alan J"]
[Black "Nelson, Jonathan P"]
[Result "1/2-1/2"]
[WhiteElo "2211"]
[BlackElo "2180"]
[PlyCount "30"]
[EventDate "2017.03.04"]
[WhiteTeam "3Cs 1"]
[BlackTeam "Blackthorne Russia"]

1. d4 Nf6 2. Bg5 d5 3. e3 c5 4. c3 Nc6 5. Nf3 e6 6. Bd3 h6 7. Bf4 Bd6 8. Bxd6
Qxd6 9. Nbd2 O-O 10. O-O e5 11. dxe5 Nxe5 12. Nxe5 Qxe5 13. Re1 Bf5 14. Nf3 Qe6
15. Qc2 Be4 1/2-1/2

[Event "4NCL Division 1a"]
[Site "Telford, ENG"]
[Date "2017.03.04"]
[Round "7.48"]
[White "Atkins, Rita"]
[Black "Burrows, Martin P"]
[Result "1-0"]
[WhiteElo "2100"]
[BlackElo "2095"]
[PlyCount "71"]
[EventDate "2017.03.04"]
[WhiteTeam "Blackthorne Russia"]
[BlackTeam "3Cs 1"]

1. d4 Nf6 2. Bg5 e6 3. e3 h6 4. Bxf6 Qxf6 5. c4 Bb4+ 6. Nc3 c5 7. a3 Bxc3+ 8.
bxc3 O-O 9. Nf3 d6 10. Bd3 Nc6 11. O-O e5 12. h3 b6 13. Be4 Bb7 14. Qa4 Na5 15.
Bd5 Rab8 16. dxe5 dxe5 17. e4 Bc8 18. Ne1 g5 19. Nc2 Kg7 20. Ne3 h5 21. Qd1 Rh8
22. Kh2 g4 23. g3 gxh3 24. f4 h4 25. Qf3 Be6 26. Bxe6 Qxe6 27. fxe5 Nc6 28.
Nf5+ Kf8 29. gxh4 Nxe5 30. Qf4 Rd8 31. Rad1 Rd7 32. Rxd7 Nxd7 33. Rd1 Rg8 34.
Rxd7 Rg2+ 35. Kxh3 Qxd7 36. Qb8+ 1-0